Studies in social history: a tribute to G.M. Trevelyan (Record no. 419152)

000 -LEADER
fixed length control field 00394cam a22001217a 4500
008 - FIXED-LENGTH DATA ELEMENTS--GENERAL INFORMATION
fixed length control field 180718b1955 xxu||||| |||| 00| 0 eng d
082 ## - DEWEY DECIMAL CLASSIFICATION NUMBER
Classification number B19x42 P731
245 ## - TITLE STATEMENT
Title Studies in social history: a tribute to G.M. Trevelyan
Statement of responsibility, etc. edited by J.H. Plumb
260 ## - PUBLICATION, DISTRIBUTION, ETC.
Place of publication, distribution, etc. London
Name of publisher, distributor, etc. Longmans, Green and Co.
Date of publication, distribution, etc. 1955
300 ## - PHYSICAL DESCRIPTION
Extent xv, 287p
650 ## - SUBJECT ADDED ENTRY--TOPICAL TERM
Topical term or geographic name entry element Great Britain --Social life and customs.
700 ## - ADDED ENTRY--PERSONAL NAME
Personal name Plumb, J.H.
Holdings
Withdrawn status Lost status Damaged status Not for loan Permanent Location Current Location Date acquired Full call number Barcode Date last seen Price effective from Koha item type
        Indian Institute of Public Administration Indian Institute of Public Administration 2009-07-01 B19x42 P731 1999 2018-07-21 2018-07-21 Book

Powered by Koha